| 000 | 00415nam a2200157 i 4500 | ||
|---|---|---|---|
| 001 | bg | ||
| 100 | 1 | _aCHOMJAK, Oleg M. | |
| 245 | 0 |
_aRascety nadeżnosti elementov masin pri proektirovanii / _cO.M. Chomjak, V.P. Voloscenko. |
|
| 260 |
_aKiev, _c1988. |
||
| 700 | 1 | _aVOLOSCENKO, Vladimir P | |
| 040 | _cBPK | ||
| 041 | _apol | ||
| 080 | _a621:62-192 | ||
| 942 | _cKS | ||
| 008 | s pl f |000 0 pol | ||
| 999 |
_c28567 _d28567 |
||
| 856 |
_uhttp://koha.tu.koszalin.pl/cgi-bin/koha/opac-detail.pl?biblionumber=28567 _yKatalog online BPK |
||